Funciones del servicio social (Record no. 208943)

MARC details
000 -CABECERA
campo de control de longitud fija 00693cam a22002177a 4500
003 - IDENTIFICADOR DEL NÚMERO DE CONTROL
campo de control UPN
005 - FECHA Y HORA DE LA ÚLTIMA TRANSACCIÓN
campo de control 20221010083658.0
008 - ELEMENTOS DE LONGITUD FIJA--INFORMACIÓN GENERAL
campo de control de longitud fija 221007s1982 mx| ||||r|||| 00| 0 spa d
020 ## - NÚMERO INTERNACIONAL NORMALIZADO PARA LIBROS
Número Internacional Estándar del Libro 9500820080
040 ## - FUENTE DE LA CATALOGACIÓN
Centro catalogador/agencia de origen MX-MxUPN
Lengua de catalogación spa
Centro/agencia transcriptor MX-MxUPN
050 #4 - SIGNATURA TOPOGRÁFICA DE LA BIBLIOTECA DEL CONGRESO
Número de clasificación HV40.8 B73
Número de documento/Ítem F86 1982
245 00 - MENCIÓN DE TÍTULO
Título Funciones del servicio social
250 ## - MENCIÓN DE EDICIÓN
Mención de edición 2a edición
260 ## - PUBLICACIÓN, DISTRIBUCIÓN, ETC.
Lugar de publicación, distribución, etc. Buenos Aires :
Nombre del editor, distribuidor, etc. Humanitas,
Fecha de publicación, distribución, etc. 1982
300 ## - DESCRIPCIÓN FÍSICA
Extensión 91 páginas
490 0# - MENCIÓN DE SERIE
Mención de serie Cuadernos del servicio social ;
Designación de volumen o secuencia 30
650 #7 - ASIENTO SECUNDARIO DE MATERIA - TERMINO TEMATICO
9 (RLIN) 47063
Término de materia o nombre geográfico como elemento de entrada Trabajo social
Subdivisión geográfica Brasil
650 #7 - ASIENTO SECUNDARIO DE MATERIA - TERMINO TEMATICO
9 (RLIN) 47061
Término de materia o nombre geográfico como elemento de entrada Asistencia social
Subdivisión geográfica Brasil
710 2# - ASIENTO SECUNDARIO - NOMBRE CORPORATIVO
9 (RLIN) 47060
Nombre de entidad corporativa o nombre de jurisdicción como elemento de entrada Centro Brasileño de Cooperación e Intercambio de Servicios Sociales
Término indicativo de función/relación editor
942 ## - ELEMENTOS DE PUNTO DE ACCESO ADICIONAL (KOHA)
Fuente del sistema de clasificación o colocación Library of Congress Classification
Tipo de ítem Koha Libro
Holdings
Estado de retiro Estado de pérdida Fuente del sistema de clasificación o colocación Estado dañado No para préstamo Código de colección Localización permanente Ubicación/localización actual Ubicación en estantería Fecha de adquisición Total de préstamos Clasificación Código de barras Fecha visto por última vez Precio válido a partir de Tipo de ítem Koha
    Library of Congress Classification     Colección General Bib. Gregorio Torres Quintero Bib. Gregorio Torres Quintero Planta baja 07/10/2022   HV40.8 B73 F86 1982 332611 07/10/2022 07/10/2022 Libro